000 00253nam a22001217a 4500
040 _cSK
082 _a639
100 _aGARY A.
245 _aPhysiology of fish in intensive cultural systems
260 _aITP
_bGAR
_c1996
300 _a231p.
942 _cEK
999 _c9672
_d9672